حکیم الامت اشرف علی تھانوی ;; Hakim-ul-Ummah Ashraf Ali Thanawi / (Record no. 78477)
[ view plain ]
| 000 -LEADER | |
|---|---|
| fixed length control field | 00831nam a2200229 a 4500 |
| 001 - CONTROL NUMBER | |
| control field | 78477 |
| 003 - CONTROL NUMBER IDENTIFIER | |
| rucl marc code | BD-RjUL |
| 005 - DATE AND TIME OF LATEST TRANSACTION | |
| control field | 20211209083132.0 |
| 008 - FIXED-LENGTH DATA ELEMENTS--GENERAL INFORMATION | |
| fixed length control field | 210927s19501369 ||||| |||| 00| 0bara d |
| 035 ## - SYSTEM CONTROL NUMBER | |
| System control number | (BD-RjUL)78703 |
| 040 ## - CATALOGING SOURCE | |
| Original cataloging agency | BD-RjUL |
| Language of cataloging | eng |
| Transcribing agency | BD-RjUL |
| 041 ## - LANGUAGE CODE | |
| Language code of text/sound track or separate title | ara |
| 082 ## - DEWEY DECIMAL CLASSIFICATION NUMBER | |
| Edition number | 23 |
| Classification number | A 297.61 |
| Author mark and year | THH 1950 |
| 100 ## - MAIN ENTRY--PERSONAL NAME | |
| Personal name | عبد الماجد ;; Abdul Mazid |
| 9 (RLIN) | 248504 |
| 245 ## - TITLE STATEMENT | |
| Title | حکیم الامت اشرف علی تھانوی ;; Hakim-ul-Ummah Ashraf Ali Thanawi / |
| Statement of responsibility, etc. | اشرف علی تھانوی ;; Ashraf Ali Thanawi ; |
| 260 ## - PUBLICATION, DISTRIBUTION, ETC. (IMPRINT) | |
| Place of publication, distribution, etc. | India : |
| Name of publisher, distributor, etc. | abdul majid |
| Date of publication, distribution, etc. | 1950 |
| 300 ## - PHYSICAL DESCRIPTION | |
| Pagination | 614 p. ; |
| Size | 23 cm |
| 600 ## - SUBJECT ADDED ENTRY--PERSONAL NAME | |
| Personal name | تھانوی, حکیم الامت اشرف علی ;; Thanwi, Hakim-ul-Amat Ashraf Ali |
| 650 ## - SUBJECT ADDED ENTRY--TOPICAL TERM | |
| Topical term or geographic name as entry element | Biography |
| 9 (RLIN) | 248506 |
| 700 ## - ADDED ENTRY--PERSONAL NAME | |
| Personal name | عبد الماجد ;; Abdul Mazid |
| 942 ## - ADDED ENTRY ELEMENTS (KOHA) | |
| Source of classification or shelving scheme | Dewey Decimal Classification |
| Koha item type | Books |
| Lost status | Source of classification or shelving scheme | Damaged status | Not for loan | Collection code | Permanent Location | Current Location | Shelving location | Date acquired | Total Checkouts | Full call number | Date last seen | Copy number | Koha item type |
|---|---|---|---|---|---|---|---|---|---|---|---|---|---|
| Dewey Decimal Classification | Not For Loan | Non-fiction | Central Library, University of Rajshahi | Central Library, University of Rajshahi | Reading Room | 27/09/2021 | A 297.61 THH 1950 | 27/09/2021 | C-1 | Books |